000 01061cam a2200313 a 4500
001 2651
005 20240108154519.0
020 _a0786808012
040 _aDLC
_cDLC
_dDLC
_beng
050 0 0 _aPZ7.C677475
_bAr 2001
082 0 0 _a823.914
_221
100 1 _aColfer, Eoin
245 1 0 _aArtemis Fowl /
_cEoin Colfer
250 _aFirst Scholastic printing, September 2001
260 _aNew York :
_bScholastic,
_c2001
300 _a277 pages ;
_c20cm
500 _a"Talk Miramax Books."
500 _aSequel: Artemis Fowl. The Arctic incident.
505 _aK
520 _aWhen a twelve-year-old evil genius tries to restore his family fortune by capturing a fairy and demanding a ransom in gold, the fairies fight back with magic, technology, and a particularly nasty troll.
521 _a600
_bLexile
521 _aK
_bRaz-Plus
650 1 _aFairies
_vFiction.
650 1 _aKidnapping
_vFiction.
650 1 _aMagic
_vFiction.
650 1 _aMothers and sons
_vFiction.
906 _a7
_bcbc
_corignew
_d1
_eocip
_f20
_gy-gencatlg
942 _2ddc
_cBK
_n0
999 _c2651
_d2651